000 00703nam a2200241 i 4500
001 bg
100 1 _aDWOREK, Jan
245 1 0 _aPrawo gospodarcze dla samorządu terytorialnego /
_cJan Dworek.
250 _a[Stan prawny na dzień 30.04.1997 r.].
260 _aBydgoszcz :
_b"TEFTA",
_c1997.
300 _a252 s. ;
_c24 cm.
504 _aBibliogr. s. 251-252.
650 9 _aPrawo gospodarcze
_zPolska
_ystan na 1997 r.
650 9 _aSamorząd terytorialny
_xprawo
_zPolska
655 _aPodręczniki akademickie
020 _a8390652803
040 _cBPK
041 0 _apl
080 _a346:352/353(438)
920 _a83-906528-0-3
942 _cKS
008 s pl f |000 0 pol
999 _c31472
_d31472
856 _uhttp://koha.tu.koszalin.pl/cgi-bin/koha/opac-detail.pl?biblionumber=31472
_yKatalog online BPK